| 000 | 00434nam a2200181Ia 4500 | ||
|---|---|---|---|
| 001 | 23226 | ||
| 005 | 20260414150923.0 | ||
| 008 | 260414t2017||||xx |||||||||||||| ||spa|| | ||
| 041 | _aESP | ||
| 082 |
_a627 _bS71 V. 1 |
||
| 100 |
_aSotelo Ávila, Gilberto _eAUT |
||
| 245 | 0 |
_aHidráulica general : _bfundamentos |
|
| 260 | _c2017 | ||
| 300 |
_a561 páginas _c24 cm. |
||
| 650 | _a0 | ||
| 654 | _aCIC | ||
| 942 |
_cLIB _dJUS _fJUS _2ddc _n |
||
| 999 |
_c23226 _d23226 |
||